[Event "HUN-ch"]
[Site "Budapest"]
[Date "1996.??.??"]
[Round "5"]
[White "Fogarasi, Tibor"]
[Black "Palkovi, Jozsef"]
[Result "1-0"]
[WhiteElo "2505"]
[BlackElo "2460"]
[Annotator "Gershon,A"]
[PlyCount "75"]
[EventDate "1996.12.??"]
[EventType "tourn"]
[EventRounds "11"]
[EventCountry "HUN"]
[EventCategory "9"]
[SourceTitle "CBM 057"]
[Source "ChessBase"]
[SourceDate "1997.04.01"]
[SourceVersion "1"]
[SourceVersionDate "1997.04.01"]
[SourceQuality "1"]

1. e4 c5 2. Nf3 d6 3. d4 cxd4 4. Nxd4 Nf6 5. Nc3 g6 6. Be3 Bg7 7. f3 O-O 8. Qd2
Nc6 9. Bc4 Bd7 10. h4 h5 11. O-O-O Ne5 12. Bb3 Rc8 13. Bg5 Rc5 14. g4 hxg4 15.
f4 Nc4 (15... Nc6 $5 16. e5 Nxd4 17. Qxd4 Bc6 18. Rhe1 Bf3 19. Rd2 Nh7 20. Qxc5
dxc5 21. Rxd8 Rxd8 22. Bxe7 Rc8 23. Bd5 $14 {Yudasin,L-Ljubojevic,L Moskow olm
(05) ISR-YUG 1994 1-0 72 -CBM 45}) 16. Qe2 Qc8 (16... Na5 $5 17. e5 Nxb3+ 18.
Nxb3 Rxc3 19. bxc3 Bc6 20. Rhf1 Ne4 21. Qc4 d5 22. Qxe4 dxe4 23. Rxd8 Rxd8 24.
Bxe7 Rd7 $15 {Smirin,I-Ivanchuk,V Paris PCA Intel-GP 1994 1/2 33}) 17. f5 (17.
Bxf6 Bxf6 18. Nd5 $6 Rxd5 $1 (18... Be6 19. Nxf6+ exf6 20. f5 Bd7 21. fxg6 fxg6
22. h5 g5 23. Nf5 Bxf5 24. exf5 $13 {Patterson,R-Spinath,P/corr/1987/0.5 (39)})
19. exd5 b5 20. h5 g5 21. fxg5 Bxg5+ 22. Kb1 f5 23. Rd3 f4 24. Bxc4 Qxc4 {
[#] 0-1 Ivanchuk,V-Topalov,V/Invest '95 1995}) (17. h5 $5) 17... Nxb2 $1 (17...
e5 18. Bxf6 (18. fxe6 fxe6 $15 {/\} 19. Rhg1 Kh7 20. Bxf6 Rxf6 21. Rxg4 e5) (
18. Ndb5 Bxb5 (18... Rxb5 $6 19. Bxc4 {/\ Bb3+/-}) (18... Nxe4 19. Nxe4 $16)
19. Nxb5 Rxb5 20. Bxc4 Rb4 $1 $132 21. b3 $5) 18... Bxf6 19. Ndb5 Bxb5 20. Nxb5
Rxb5 21. Bxc4 Rb4 22. Bd5 gxf5 23. Rdf1 f4 24. Rhg1 Re8 25. Rxg4+ Kf8 26. h5
Ke7 27. h6 Rh8 28. Rh1 Rd4 29. h7 Rxd5 $1 30. exd5 Qf5 31. Rgg1 f3 {~/=
Istratescu,A-Marin,M/Romania (ch) 1994}) (17... a5 $6 18. Bxf6 Bxf6 {1-0 Dos
Santos,R-Bakhtadze,G/Matinhos 1994} 19. Nd5 $1) (17... gxf5 $2 18. Bxf6 Bxf6
19. exf5 Ne5 20. Ne4 Ra5 21. Nxf6+ exf6 22. Qd2 Rc5 23. Qh6 a5 24. Qxf6 $18 {
Fahner,D-Spinath,P/corr/1987/1-0 (26)}) 18. Kxb2 (18. Bxf6 $2 Bxf6 (18... Nxd1
$1 $17) 19. Qxg4 Kg7 20. Rhg1 (20. Rdg1 Rxc3 21. Bxf7 Nd3+ {/\ Ne5 -+ Oll,
L-Topalov,V/Moscow (ol) 1994}) 20... Rh8 21. Qg2 (21. Bxf7 Kxf7 22. Qxg6+ Kf8 {
Mohr-Ubilava [Linares 1996] 0-1}) 21... Rh6) 18... Rxc3 19. fxg6 Rxb3+ $1 20.
axb3 fxg6 $44 {Topalov} 21. Rhe1 (21. h5 Nxh5 22. Bxe7 Ng3 23. Qh2 Nxh1 24.
Bxf8 Qxf8 25. Qxh1 Qf2 $19) 21... Qc5 $5 22. Qc4+ $6 {In Topalov's apinion in
this posision black has "enough compensation".I think black has much more!Now
white trying to repel black's threats by exchanging queens,but the ending is
not good for white.} (22. c3 $5 d5 $1 23. Bxf6 (23. exd5 Nxd5 24. Qc4 (24. Rd3
Nxc3 25. Qxe7 Na4+ $1 26. Kb1 Bf5 $1 27. Nxf5 Qxf5 28. Qd7 Qf2 $1 29. Bd2 (29.
Qe6+ Kh7 30. Re2 Qf1+ 31. Kc2 Nc5 $19) 29... Qf6 30. Qe6+ Qxe6 31. Rxe6 Nc5 $19
) 24... Rf2+ 25. Bd2 Qxc4 26. bxc4 Nb6 $19) (23. e5 Ne4 24. Qc2 Bxe5 {With
strong attack and material adventage!}) 23... exf6 (23... Bxf6 24. e5 (24. exd5
Qxd5 25. Nc2 Qc6 26. Nd4 Qc7 27. Qd3 Kg7 $17) 24... Bxh4 25. Rf1 Bf5 26. Rh1
Rc8 27. Rd3 $1 Bxd3 28. Qxd3 g5 29. Qg6+ Kh8 30. Rc1 $1 $18) 24. Qd3 dxe4 25.
Qxe4 Rc8 26. Kb1 Bf5 27. Nxf5 Qxf5 28. Qxf5 gxf5 29. Rd7 f4 $15) 22... Qxc4 $17
23. bxc4 Rc8 $6 {Gives counterchances. Instead of this temperamental move
black should just defense the "e7"-pawn.} (23... Rf7 $5 24. e5 dxe5 25. Rxe5 g3
26. c3 g2 27. Ree1 Ng4 $1 $17 {With idea Ne5}) 24. e5 $8 dxe5 $6 25. Rxe5 Rxc4
$6 (25... Kf7 $1 26. Rde1 e6 $17) 26. Rxe7 Nd5 $2 {If till now black's moves
were not exects,now it is a loosing mistake!It seems like black didn't realy
look next white's move.One mistake wait for others and by 4 moves black make
much better position be loosing!Now we can see that even today knowing
openings isn't enough!!!} (26... Rc7 $1 {And black is not worst!}) 27. Rxd7 $18
Bxd4+ 28. Kc1 Be3+ (28... Nc3 29. Re1 Ne4 (29... Na2+ 30. Kd1 Nc3+ 31. Kd2 Bg7
32. Re8+ Kh7 33. Ree7 Ne4+ 34. Kc1 $18)) 29. Bxe3 Nxe3 30. Re1 Rxc2+ 31. Kb1
Rc3 32. Kb2 Rc2+ 33. Kb3 Rh2 34. Rxe3 Kf8 35. Rc3 Ke8 36. Rxb7 Kd8 37. Rcc7
Rxh4 38. Rg7 1-0

[Event "RUS-Cup3"]
[Site "Omsk"]
[Date "1996.??.??"]
[Round "7"]
[White "Kozirev, Alexander"]
[Black "Varavin, Viktor"]
[Result "1-0"]
[WhiteElo "2370"]
[BlackElo "2520"]
[Annotator "Gershon,A"]
[PlyCount "73"]
[EventDate "1996.12.13"]
[EventType "swiss"]
[EventRounds "9"]
[EventCountry "RUS"]
[SourceTitle "CBM 057"]
[Source "ChessBase"]
[SourceDate "1997.04.01"]
[SourceVersion "1"]
[SourceVersionDate "1997.04.01"]
[SourceQuality "1"]

1. e4 {Schulz,A} c5 2. Nf3 d6 3. d4 cxd4 4. Nxd4 Nf6 5. Nc3 g6 6. Be3 Bg7 7. f3
O-O 8. Qd2 Nc6 9. Bc4 Bd7 10. h4 Rc8 11. Bb3 Ne5 12. O-O-O a5 {Schulz: Sieht
man zurecht selten.} 13. h5 (13. Bh6 $5 b5 14. Bxg7 Kxg7 15. h5 $1 a4 $2 16.
hxg6 axb3 17. Qh6+ Kg8 18. Nd5 fxg6 19. Nxf6+ Kf7 20. Nxd7 Qxd7 21. Qxh7+ Ke8
22. Nxb3 $18 {1-0 Winterstein,W-Kettner,U/Wiesbaden op 1988 (32)}) (13. Bg5 $6
h5 $6 14. Nde2 b5 15. f4 Nc4 $6 16. Bxc4 Rxc4 17. e5 Ne8 18. exd6 Nxd6 19. Qxd6
exd6 20. Bxd8 Rxd8 21. Rxd6 b4 22. Nd5 Re4 23. Re1 Re6 $1 $132 {O'Neill,
P-Christodoulou,M/EU-chT Haifa 1989/1-0 (58)}) (13. a4 $6 {Schulz: ! und
Schwarz hat ein Loch auf b5: b7-b5 ist nie mehr möglich und Weiß kann einen
lästigen N nach b5 stellen, der auch irgendwelche Qualitätsopfer auf c3
entschärft.} h5 $5 (13... Nc4 14. Qe2 Nxe3 15. Qxe3 Rc5 $5 (15... Qb6 $6 16. g4
Qc5 17. Qd2 Bc6 18. h5 Rfd8 19. hxg6 hxg6 20. Rh3 Nd7 21. Qf4 Nf6 22. Ne6 fxe6
23. Bxe6+ Kf8 24. Rdh1 g5 25. Qh2 Nh5 26. Rxh5 Qe5 27. Qxe5 Bxe5 28. Bxc8 Be8
29. Be6 {1-0 Holaszek,H-Sawadkuhi,M/Skopje ol 1972}) 16. g4 Qc7 17. h5 Rc8 18.
hxg6 hxg6 19. Rd2 Rxc3 20. Qxc3 Qxc3 21. bxc3 Rxc3 22. e5 Ne8 $44 {0-1 Ostojic,
P-Velimirovic,D/Vrnjacka Banja 1973 (48)}) (13... Qc7 $6 14. Ndb5 Bxb5 15. Nxb5
Qd7 16. Qxa5 Nc4 17. Bxc4 Rxc4 18. b3 Rc6 19. Bd4 Rfc8 20. c4 Qe6 21. Kb2 Bh6
22. h5 Nd7 23. hxg6 Qxg6 24. g4 Bf4 25. Na7 Ra6 26. Nxc8 {1-0 Chura,J-Valent,I/
CSR-chJ 1990})) (13. g4 $6 b5 $1 (13... a4 14. Nxa4 Nc4 15. Bxc4 Rxc4 16. Nc3
Qa8 17. h5 Rfc8 18. Qd3 b5 19. hxg6 fxg6 20. Rh2 b4 21. Nb1 Qxa2 22. Rdh1 Bxg4
23. fxg4 Nxg4 24. Bg1 Nxh2 25. Rxh2 Be5 26. Rg2 b3 27. Qxb3 Bf4+ 28. Rd2 Qxb3
29. Nxb3 Rxc2+ 30. Kd1 Bxd2 31. N1xd2 Rxb2 32. Bd4 Ra2 33. Ke2 Kf7 34. Be3 e5 {
0-1 Nicolau,A-Nowarra,W/Romania 1968}) 14. h5 (14. Ncxb5 $2 Nxf3 $17) (14. a4)
14... a4 15. Bd5 b4 16. Nce2 Nxd5 17. exd5 Nc4 18. Qd3 b3 $1 19. axb3 axb3 20.
hxg6 hxg6 21. Rde1 Qb6 $1 22. Bh6 Qa5 $1 23. c3 Nxb2 $1 24. Qe3 (24. Kxb2 Qa2+
25. Kc1 b2+ {P b1}) 24... Nc4 {0-1 Majsterovic,L-Ozsvath,A/corr 7ol f 1975})
13... Rxc3 $6 {Usually,in Dragon variation,taking on c3 is exchange,not
sacrifice,but this time i really can't understand this,specially when black
has such a good move as a5-a4.} (13... a4 $1 14. Nxa4 Bxa4 15. Bxa4 Nc4 16. Qd3
Qa5 17. Bb3 d5 18. hxg6 (18. exd5 Nxd5 $1 19. Bxc4 Rxc4 20. Qxc4 Nxe3 $17 {
Boleslawski}) 18... hxg6 19. exd5 (19. g4 dxe4 20. fxe4 Nxg4 (20... Nxe3 $1 21.
Qxe3 Nxg4 $13) 21. Bg1 Qg5+ 22. Kb1 Nge5 23. Qh3 $1 Rfd8 24. Bf2 Nd2+ 25. Rxd2
$1 Qxd2 26. Be3 Qa5 27. Ne6 $1 fxe6 28. Qxe6+ {1-0 Fatalibekova-Ahsarumova/
Moskau-chW 1975}) 19... Nxd5 20. Bxc4 Rxc4 21. Qxc4 Nxe3 22. Qc3 Qg5 23. Rd3
Nxc2+ 24. f4 Qxg2 25. Rhd1 Nxd4 26. Rxd4 Qg4 27. a4 Bxd4 28. Qxd4 Qf5 29. Rd3
Rc8+ 30. Rc3 Rxc3+ 31. bxc3 f6 32. Kb2 Kf7 33. c4 g5 34. fxg5 fxg5 35. c5 g4
36. Qc4+ Qe6 37. Qd3 Qe5+ 38. Kb3 Kg7 39. Kc4 g3 40. Qf3 Qg5 41. Qg2 Qe3 42.
Qb2+ {0-1 Amos,B-Day,L/Toronto CAN ch 1972}) (13... Nxh5 14. g4 Rxc3 15. bxc3
Nf6 16. a4 (16. Bh6 a4 17. Bxg7 Kxg7 18. Bxa4 Bxa4 19. Nf5+ {1-0 Draskovic,
M-Lazic/corr 1974}) 16... Qc7 17. Bh6 Bxh6 18. Rxh6 Rc8 19. Rdh1 Qxc3 20. Qxc3
Rxc3 {1/2-1/2 Marjanovic,S-Velimirovic,D/Vrnjacka Banja 1973}) 14. Qxc3 a4 15.
Bc4 (15. Bd5 $5) 15... Qc8 16. Bd3 Qxc3 {Schulz: Nun erreicht Schwarz also
doch noch den Doppelbauern auf der c-Linie.} 17. bxc3 Nxh5 {Schulz: Einen
Bauern für die Qualität ist normalerweise völlig in Ordnung für Schwarz.} 18.
Kd2 {Schulz: Es zeigt sich, daß der Bauer auf a5 dumm steht, weil ein Angriff
gegen b7 nicht mehr einfach mit b7-b6 beantwortet werden kann.} (18. g4 $6 Nf6
(18... Nxd3+ 19. cxd3 Ng3 20. Rh3 Nh5 21. Rh2 Nf6 22. Kd2 $16) (18... Ng3 19.
Rhg1 Nxd3+ 20. Rxd3 Bxd4 21. Rxg3 Bxe3+ 22. Rxe3 $16) 19. g5 Nh5 $13) 18... Rc8
19. Rb1 b5 $1 (19... Ng3 20. Rhd1 Rc7 21. Rb4 h5 22. Rdb1 Nxd3 23. cxd3 b5 $16)
(19... Rc7 {Schulz,A} 20. Rb4) 20. Bxb5 $2 {I think that by this move white
wanted to make a draw and win some Elopoints.Black didn't have more,but this
tactik make him to loose his had,so he tried to violate the position.As always,
it lost and white got even more Elopoints.To my regret,I'll say!!!} (20. a3 {
It is not realy importent what move should white play,but not the drow in
better position.For now a3-is OK:wait and see what black wants.}) (20. Nxb5 {
Schulz,A} Nxd3 21. Kxd3 Bxb5+ 22. Rxb5 Rxc3+ 23. Kd2 $16 {[%csl Ra4][%cal
Rb5b8]}) 20... Bxb5 21. Nxb5 Nc4+ 22. Kd3 (22. Ke2 $2 Ng3+ $17) 22... Ne5+ 23.
Kd2 Nc4+ 24. Kd3 Nxe3 $2 {Schulz: Schwarz spielt auf Gewinn, er hätte besser
remis gemacht.} (24... Ne5+ $11) (24... Ne5+ $142 $11 {Schulz,A}) 25. Kxe3 Bxc3
26. Nxc3 Rxc3+ 27. Kd2 Ra3 $2 {This is loosing after excellent white's idea,
but others moves couldn't change the result.} (27... Rc7 $8 $16) (27... Rc5 {
Schulz,A} 28. Rb7 $16) 28. Rxh5 $1 gxh5 29. Rb2 $18 {Schulz: Womit der R auf
a3 gefangen ist.} e6 30. c3 {The rook will stay on a3 and king will take it
from b4.} d5 (30... Z0 {Schulz,A} 31. Rc2 $140 Z0 32. Kc1 Z0 33. Kb2 $18) 31.
exd5 exd5 32. Kd3 Kf8 33. Re2 f6 34. Kd4 Kf7 35. Rc2 Ke6 36. Kc5 d4 37. Kxd4
1-0

[Event "Cappelle op 14th"]
[Site "Cappelle la Grande"]
[Date "1998.??.??"]
[Round "7"]
[White "Timoshenko, Georgy"]
[Black "Rogozenco, Dorian"]
[Result "1-0"]
[WhiteElo "2560"]
[BlackElo "2495"]
[Annotator "Glek,I"]
[PlyCount "135"]
[EventDate "1998.02.21"]
[EventType "swiss"]
[EventRounds "9"]
[EventCountry "FRA"]
[SourceTitle "CBM 063 Extra"]
[Source "ChessBase"]
[SourceDate "1998.04.29"]
[SourceVersion "1"]
[SourceVersionDate "1998.04.29"]
[SourceQuality "1"]

1. e4 c5 2. Nf3 d6 3. d4 cxd4 4. Nxd4 Nf6 5. Nc3 g6 6. Be3 Bg7 7. f3 Nc6 8. Qd2
O-O 9. Bc4 Bd7 10. O-O-O Ne5 11. Bb3 Rc8 12. Kb1 $5 Nc4 13. Bxc4 Rxc4 14. g4 b5
15. b3 $5 Rc8 16. Ndxb5 Qa5 17. a4 a6 18. Nd5 $1 Qxd2 19. Nxe7+ Kh8 20. Rxd2
Rce8 21. Nf5 gxf5 22. Nxd6 fxg4 23. Nxe8 Rxe8 24. Bd4 Bc6 25. Bxf6 Bxf6 26. Rd6
Re6 27. Rxe6 fxe6 28. fxg4 Bc3 29. Rd1 Bxe4 30. b4 $1 (30. Rd6 $2 e5 31. Rxa6
Bf3 $17) 30... Kg7 31. b5 axb5 32. axb5 Kf6 33. Rd7 Be5 34. h4 h6 35. b6 Bc6
36. Rh7 Bf4 37. Kb2 Be4 38. Rd7 Bc6 39. Ra7 Bf3 40. Kb3 Be3 41. Ra4 Ke5 42. Rb4
Bb7 43. Rb5+ Kd6 44. g5 hxg5 45. hxg5 e5 46. g6 Bh6 47. c4 Bg7 48. Ra5 e4 49.
Kc2 e3 50. Kd3 Be4+ 51. Ke2 Kc6 52. Ra7 Bd4 53. Re7 Bxg6 54. Re6+ Kb7 55. Rxg6
Bxb6 56. Kd3 Kc7 57. Re6 Bc5 58. Ke4 Kd7 59. Kd5 Bd4 60. Re4 Bb6 61. c5 Bc7 62.
Rxe3 Bf4 63. Rh3 Kc8 64. Kc6 Kb8 65. Rh8+ Ka7 66. Rh7+ Kb8 67. Kb6 Kc8 68. Rh8+
1-0

[Event "ROM-chT"]
[Site "Eforie Nord"]
[Date "2000.12.22"]
[Round "5"]
[White "Bologan, Viktor"]
[Black "Golubev, Mikhail"]
[Result "0-1"]
[WhiteElo "2641"]
[BlackElo "2523"]
[Annotator "Golubev,M"]
[PlyCount "100"]
[EventDate "2000.12.18"]
[EventType "team"]
[EventRounds "5"]
[EventCountry "ROU"]
[SourceTitle "CBM 081"]
[Source "ChessBase"]
[SourceDate "2001.03.20"]
[SourceVersion "1"]
[SourceVersionDate "2001.03.20"]
[SourceQuality "1"]
[WhiteTeam "Bucharest RGA"]
[BlackTeam "Victoria Techirghiol"]
[WhiteTeamCountry "ROU"]
[BlackTeamCountry "ROU"]

1. e4 {Rogozenko} c5 2. Nf3 d6 3. d4 cxd4 4. Nxd4 Nf6 5. Nc3 g6 6. Be3 Bg7 7.
f3 Nc6 8. Qd2 O-O 9. Bc4 Bd7 ({Interestingly, the variation} 9... Qa5 10. O-O-O
Bd7 11. Bb3 Rfc8 12. Kb1 Ne5 13. Bg5 $5 Rc5 14. Rhe1 Re8 15. f4 Nc4 16. Bxc4
Rxc4 17. Nb3 Qa6 18. e5 $36 {is similar to the game, but absence of 'h2-h4'
and 'h7-h5' is to White's favour here.}) 10. Bb3 (10. O-O-O $1) 10... Rc8 (
10... Nxd4 $5 11. Bxd4 b5) 11. O-O-O Ne5 12. Kb1 $1 (12. h4 h5 13. Bg5 (13. Kb1
Re8 $6 {- game}) 13... Rc5 14. Kb1 (14. Rhe1 Qa5 $5 15. Kb1 Re8 $1 {- game})
14... Re8 $5 {- game}) 12... Re8 $5 (12... Nc4 13. Bxc4 Rxc4 14. g4 $1 Qc7 (
14... b5 $6 15. b3 $1 Rc8 16. Ndxb5 $1 Qa5 17. a4 a6 18. Nd5 Qxd2 19. Nxe7+ Kh8
20. Rxd2 $16 {Topalov-Tiviakov, Polanica Zdroj 1995}) 15. g5 (15. h4 $5 Rc8
$140 16. h5 b5 17. hxg6 fxg6 18. g5 Nh5 19. Nd5 Qd8 20. b3 R4c5 21. Nf5 $1 {
Rhodes-Matthew Paul, corr. 2000}) 15... Nh5 16. Nd5 Qd8 17. Ne2 Be6 18. Bxa7 $1
{Bologan-Chatalbashev, Bourbon-Lancy 1998}) 13. h4 (13. g4 b5 $132) (13. Bg5
Nc4 $5) (13. Bh6 {Rogozenko} Nc4 14. Bxc4 Rxc4 15. Bxg7 Kxg7 16. h4 h5 17. Nde2
Qa5 18. Nf4 Rec8 {Rogozenko: 'and we have the above-mentioned game Aseev,
K-Nemtsev,I/Nizhnij Novgorod 1998.'} 19. Ncd5 Qxd2 20. Rxd2 Nxd5 21. Nxd5 Kf8
$11 {/+/=.  1/2-1/2 Aseev,K-Nemtsev,I/Nizhnij Novgorod 1998/ (44)}) 13... h5 (
13... Nc4 14. Bxc4 Rxc4 {Rogozenko: 'and we reached a position from the line
12.h4 Nc4 13.Bxc4 Rxc4 14.Kb1 Re8, where the last moves from either side are
considered not the best.'} 15. h5 $5 (15. g4 $36) (15. g4 {Rogozenko} h5 $13)
15... Nxh5 16. g4 Nf6 {'~~' Rogozenko.} 17. e5 {'?' Rogozenko.} Nxg4 (17...
dxe5 18. Nb3 Rc6 $1) 18. fxg4 Bxg4 19. e6 $1) 14. Bg5 (14. Bh6 $142 Nc4 (14...
Bxh6 15. Qxh6 Rxc3 16. bxc3 $16) (14... Bh8 15. g4 $5 $40 {Willemze-Molinari,
Dieren 1999} (15. g4 {Rogozenko} hxg4 16. f4 Nc4 17. Qe2 Na5 18. h5 Nxb3 19.
axb3 Nxh5 20. f5 Ng3 (20... Bxd4 {After this White still had to show that his
attack is worth missing material.} 21. Rxd4 Ng3) 21. Qh2 Nxh1 22. Rxh1 $18 g3
23. Qxg3 Bxd4 24. Qh4 e6 25. Bg5 Qxg5 26. Qxg5 exf5 27. Nd5 Bc6 28. Nf6+ Kg7
29. Rh7+ {1-0 Willemze,J-Molinari,G/Dieren 1999})) (14... Rc5 $14) 15. Bxc4
Rxc4 16. Bxg7 Kxg7) (14. Nde2 Qa5 $13) (14. g4 $5 $40 {requires serious
analysis!}) (14. g4 {Rogozenko} hxg4 {must be okay for Black.}) 14... Rc5 $1 {
(game transposed to a line 12.h4 h5 13.Bg5 Rc5 14.Kb1 Re8) Rogozenko: 'Now we
have another transposition from the line 12.h4 h5 13.Bg5 Rc5'} (14... Nc4 15.
Qe2 $1 $36) 15. Rhe1 Qa5 (15... Qc8 $5) (15... b5 16. f4) 16. f4 (16. a3 {
(!? Beliavsky, 1985)} b5 $2 (16... Qa6 $5 $13 {Smirin-Hodgson, Ischia 1996}) (
16... Nc4) (16... Qa6 {Rogozenko} 17. f4 Nc4 18. Bxc4 Rxc4 {was good for Black
in Smirin,I-Hodgson,J/Ischia 1996}) 17. Bxf6 $1 $16 {Anand-Kasparov, New York
PCA Wch (17) 1995}) 16... Nc4 $1 {[]} (16... Neg4 $2 17. e5 $1 dxe5 18. Bxf7+
Kxf7 19. Nb3 $18 (19. Nb3 {Rogozenko} Qb4 20. Nxc5 Qxc5 21. Bxf6 Nxf6 (21...
Bxf6 22. Qxd7 Ne3 23. fxe5 Nxd1 24. Ne4 Nc3+ 25. Nxc3 Qf2 26. Rd1 Bxe5 27. Qd5+
{1-0 Linskiy,O-Hua Lefong/Quebec 1997/ (27)}) 22. fxe5 Bg4 23. exf6 Bxd1 24.
fxg7 Bg4 25. Ne4 $18 {1-0 Boudre,J-Koch,J/Rouen 1987/ (44)})) (16... Nc6 $6 17.
e5 $1 dxe5 $2 (17... Nxd4 {Rogozenko} 18. Qxd4 Ng4 (18... Nh7 19. Bxe7 $1) 19.
Nd5 $16) 18. Bxf7+ Kxf7 19. Nb3 $18) 17. Bxc4 (17. Qd3 $6) 17... Rxc4 18. Nb3 (
18. e5 $6 Nd5 (18... dxe5 $2 {Rogozenko} 19. fxe5 $18 {[%cal Rd4b3]})) (18.
Bxf6 Bxf6 19. Nd5 Qxd2 20. Nxf6+ exf6 21. Rxd2 f5 $11 {Beliavsky-Ki.Georgiev,
Wijk aan Zee 1985} (21... f5 {Rogozenko} 22. b3 Rc3 23. Rde2 (23. Rd3 Rxd3 24.
cxd3 fxe4 25. dxe4 Bf5 26. Nxf5 gxf5 27. e5 {1/2-1/2 Beliavsky,A-Georgiev,K/
Wijk aan Zee 1985}) 23... fxe4 24. Rxe4 Kf8 25. Rxe8+ Bxe8 26. Ne2 Re3 27. Kc1
$14 {/= 1/2-1/2 Pinus,R-De Schepper,B/IECG email 1999/ (48)})) 18... Qa6 $8 19.
e5 (19. f5 gxf5 $1) 19... Nh7 $146 {(!? Ki.Georgiev, 1985) Rogozenko:
'Actually only this move is a novelty, although there was only one
correspondence game with this position.'} (19... Ng4 $142 $1 {, and Black is
probably better:} 20. exd6 (20. Nd5 dxe5 (20... f6 21. exf6 exf6 22. Ne7+ Kh7
23. Qd3 Rxe7 24. Rxe7 Bf5 25. Qxd6 Bxc2+ 26. Ka1 Qxd6 27. Rxd6 Re4 $1 $13) 21.
Nxe7+ Rxe7 22. Bxe7 Bf5 $40 {Beliavsky}) 20... Bxc3 21. bxc3 e6 $1 22. f5 $5 (
22. Be7 Rec8 $17 {Ki.Georgiev}) 22... gxf5 23. Bf6 (23. g3 {Rogozenko} f6 24.
Bf4 Rec8 $19 {0-1 Bottini-Iodice,G/corr 1988 (33)}) 23... f4 24. Be5 Qb5 25.
Bxf4 Rec8 $36) 20. exd6 {Rogozenko: 'The position is extremely sharp and
unclear to me. Somehere here Black went wrong, as White could get an advantage
afterwards.'} Nxg5 $6 (20... e6 $142 $5 $13) (20... e6 $5 $13 {(Rogozenko)
keeping the threat f7-f6 was worth consideration.}) 21. hxg5 $1 {'+/=/+/-.'|^ 
(Rogozenko)} (21. dxe7 $2 Bg4 22. hxg5 (22. Qd8 Rc8 {Rogozenko: 'looks like
Black can defend against the immediate threats.'} 23. Rd6 $17) 22... Bxc3 $17)
(21. Rxe7 $2 Bxc3 22. bxc3 Ne4 $19) 21... Bg4 $5 {[%mdl 64] Rogozenko:
'Objectively I think it is a mistake, but from the practical point of view a
very interesting decision.'} (21... Qxd6 $6 22. Qe2 $1 Qxf4 23. Rxd7 Bxc3 24.
bxc3 $16) (21... Bxc3 22. bxc3 exd6 23. Rxe8+ Bxe8 {Rogozenko: 'Even here
Black's position is not very attractive.'} 24. f5 $5 (24. Qe2 $5 {Rogozenko}))
(21... exd6 22. Rxe8+ Bxe8 23. Nd5 $5 (23. f5 $5)) (21... e6 22. Ne4 $16 (22.
Ne4 {Rogozenko} Rec8 23. c3 $16)) 22. Rxe7 (22. Nd5 $142 $3 Bxd1 (22... Qa4 23.
Nxe7+ Kh7 24. Rc1 $5 $18) 23. Qxd1 $1 {'+/-' Rogozenko. Rogozenko: 'looks
strong too.'} Rd8 (23... Qxd6 $2 24. Nf6+ $1 $18) (23... e6 24. Nc7 $16) 24.
dxe7 Re8 $16) (22. d7 $2 Rd8 23. Rxe7 Bf8 24. Rde1 (24. Re8 {Rogozenko} Rxd7
25. Qxd7 Bxd7 26. Rxd7 {[%cal Rd7d8]} Kg7 27. Rdd8 Rxf4 28. Rxf8 Rf1+ 29. Nc1
$18) 24... Bxe7 25. Rxe7 Kf8 $1 {[]-/+}) (22. Rc1 $2 Bxc3 $5 23. bxc3 e6 $17) (
22. Ne4 $2 $17) (22. dxe7 $2 $17) 22... Rd8 {'[]' Rogozenko.} 23. Qd5 $1 {
'?!' Rogozenko. Rogozenko: 'This tempting move does not miss the advantage,
but it is connected with the wrong idea. White should use his strong d-pawn by
pushing it.'} (23. Rde1 $2 Rxd6 $36) 23... Rxf4 $8 24. Nc5 $2 {Rogozenko: 'the
most natural move turns out to be a tactical mistake due to the weakness of
the first rank!'} (24. d7 $3 $36 Kh7 $1 (24... Bf8 $2 25. Re8 $1 Rxd7 26. Qc5
$18) (24... Bxd1 25. Re8+ Kh7 26. Rxd8 Bxc3 (26... Bg4 27. a3 $18) 27. bxc3
Bxc2+ 28. Kxc2 Qxa2+ 29. Kd3 $18) 25. Rde1 Rf5 (25... Rf1 $2 26. Nc5 $1 Be6 (
26... Rxe1+ 27. Rxe1 Qb6 28. Qxf7 $1 Qxc5 29. Ne4 $18) 27. Rxf1 Qxf1+ 28. Qd1
$18) (25... Qb6 $5) 26. Qd2 Rf1 $140 $2 (26... Qc6 $142) 27. Nc5 Rxe1+ 28. Qxe1
Qc4 $8 29. Qf2 $1 Bf5 (29... Bxc3 30. bxc3 Bf5 31. Qe2 $18) (29... b6 30. Re8
Rxd7 31. Nxd7 Bxd7 32. Re4 $1 $16) 30. Re8 Bd4 (30... Bxc3 31. Rxd8 $18) 31.
Qf4 $1 Qxc5 32. Rxd8 Bxc3 33. Rc8 $1 Qg1+ 34. Qc1 $18) 24... Qb6 $1 {[]|^} (
24... Qxd6 $2 25. Re8+ Rxe8 26. Qxd6) (24... Rxd6 $2 25. Nxa6 Rxd5 26. Nxd5 $18
) (24... Qc4 $2 25. Nxb7) (24... Qf1 $2 25. Ree1 $16) 25. Rxb7 (25. N3a4 Bxd1
$1 26. Nxb6 Rf1 $19) (25. N5a4 Qc6 $5) 25... Qxd6 $1 {Rogozenko: 'Very nice
idea which seems to work!'} (25... Bxd1 $6 26. Rxb6 axb6 27. N5e4 $5 Bg4 28.
Qd3) (25... Qa5 $2 26. Rb5 $1 $18) 26. Qxd6 (26. Rd7 $2 Rxd7 27. Nxd7 Qc7 $19)
(26. Rb8 Qxb8 (26... Qxd5 27. Rxd8+ Qxd8) 27. Qxd8+ Qxd8 28. Rxd8+ Kh7 $36)
26... Rxd6 27. Rxd6 (27. Re1 $142 $5) 27... Rf1+ 28. Nd1 Bxd1 {Rogozenko:
'Black will win back the exchange and the h-pawn will decide the game.'} 29.
Rb8+ (29. a4 Bf3+ 30. Ka2 Bxb7 31. Nxb7 Rf2) 29... Kh7 30. a4 Be5 $17 31. Rbd8
Bxd6 32. Rxd6 Bf3+ 33. Ka2 Bxg2 34. Rd2 Rg1 35. Nd7 (35. Rd7 Kg8 36. Rxa7 h4
$19) 35... Bh3 36. Nf6+ Kg7 37. Ne8+ Kf8 (37... Kh8 $5) 38. Nf6 Kg7 $138 39.
Ne8+ Kf8 40. Nf6 Be6+ 41. b3 h4 42. c4 h3 43. Ka3 Kg7 (43... Rg2 $5) 44. Ne8+
Kh8 45. c5 (45. Nc7 $5 Bf5 46. Nb5) 45... Rxg5 $19 46. c6 Rc5 47. c7 g5 48. Kb4
Rc1 49. Nf6 g4 (49... Rxc7 50. Rd8+ Kg7 51. Ne8+ Kh7 52. Nxc7 h2 53. Rd1 g4 $19
) 50. Nd5 g3 0-1